Desarrollo social, educación y cultura en Africa y América Latina. Memoria

Guardado en:
Bibliografiske detaljer
Format: Ukendt
Udgivet: México D.F.: IMR
Fag:
Tags: Tilføj Tag
Ingen Tags, Vær først til at tagge denne postø!

MARC

LEADER 00000 a2200000 04500
001 19162
003
008 991231s d
040
090 |a 145304  
245 |a Desarrollo social, educación y cultura en Africa y América Latina. Memoria  
260 |a México D.F.:   |b IMR  
300 |a 248 p.  
650 |a EDUCACION  
650 |a ENSEÑANZA SUPERIOR  
650 |a CIENCIA Y TECNOLOGIA  
650 |a TECNOLOGIA  
650 |a CIENCIA  
650 |a INVESTIGACION Y DESARROLLO  
650 |a NIVEL DE VIDA  
650 |a CRECIMIENTO ECONOMICO  
650 |a DESARROLLO ECONOMICO  
650 |a INVESTIGACION Y DESARROLLO  
650 |a ENSEÑANZA SUPERIOR  
999 |c 10910  |d 10910